001990000a220007300045001000016000002450060000163000036000767730013001121 aBrandt, Don10aWill earth have enough to drink in the next millennium? aNúm 60 (1998), Páginas 9-110 tTogether